Countries with Nuclear Weapons - Whammies - Statistics

General Stats
  • This quiz has been taken 134 times
  • The average score is 8 of 9
Answer Stats
# Country % Correct
~5,224 United States
100%
~5,889 Russia
99%
~500 China
94%
~225 United Kingdom
92%
~164 India
89%
~290 France
88%
~30 North Korea
87%
~170 Pakistan
84%
~90 Israel
80%
No matching quizzes found
Score Distribution
Percent of People with Each Score
Percentile by Number Answered
Your Score History
You have not taken this quiz